[Event "9th Amplico Life Rapid"]
[Site "Warsaw POL"]
[Date "2009.12.20"]
[Round "10"]
[White "Fridman,D2"]
[Black "Ivanchuk,V"]
[Result "1/2-1/2"]
[WhiteElo "2649"]
[BlackElo "2739"]

1.d4 Nf6 2.c4 g6 3.Nc3 Bg7 4.e4 O-O 5.Nf3 d6 6.Be2 e5 7.O-O Nbd7 8.Re1 c6
9.Bf1 a5 10.h3 exd4 11.Nxd4 Re8 12.Bf4 Nc5 13.Qc2 Nh5 14.Be3 Nf6 15.Bf4 Nfd7
16.Nb3 Ne6 17.Bxd6 a4 18.Nd2 Ne5 19.Bxe5 Bxe5 20.Nf3 Nd4 21.Nxd4 Qxd4 22.Nxa4 b5
23.Red1 Qa7 24.Nc3 b4 25.Ne2 Be6 26.Nc1 c5 27.Nb3 h5 28.g3 g5 29.a3 Qb6 30.axb4 Qxb4
31.Rxa8 Rxa8 32.Nc1 Qxb2 33.Qxb2 Bxb2 34.Nb3 Rc8 35.f4 f6 36.Rd6 Bf7 37.Kg2 h4
38.Rd2 Bc3 39.Rc2 Be1 40.fxg5 fxg5 41.gxh4 gxh4 42.Be2 Bg6 43.Bf3 Bb4 44.Nc1 Rd8
45.Ne2 Bf7 46.Nf4 Rd2+ 47.Rxd2 Bxd2 48.Nd5 Kg7 49.Bg4 Bxd5 50.exd5 Bf4 51.Kf3 Bg3
52.Ke4  1/2-1/2

[Event "9th Amplico Life Rapid"]
[Site "Warsaw POL"]
[Date "2009.12.20"]
[Round "11"]
[White "Ivanchuk,V"]
[Black "Dziuba,M"]
[Result "1-0"]
[WhiteElo "2739"]
[BlackElo "2573"]

1.e4 c5 2.Nf3 d6 3.d4 cxd4 4.Nxd4 Nf6 5.f3 e5 6.Nb3 Be7 7.c4 O-O 8.Be3 a5
9.Qd2 Nc6 10.Nc3 a4 11.Nc1 Be6 12.Nd5 Nd7 13.Ne2 h6 14.Nxe7+ Qxe7 15.Nc3 Nc5
16.Rd1 Rad8 17.Be2 f5 18.exf5 Bxf5 19.O-O a3 20.bxa3 Kh8 21.Rfe1 Rf6 22.Nd5 Qf7
23.Nxf6 Qxf6 24.Qb2 Ne6 25.Bd3 Bxd3 26.Rxd3 Qg6 27.Rd2 Ncd4 28.Qxb7 Rf8 29.Kh1 Nc5
30.Qb1 Qf6 31.Rb2 h5 32.Rb8 h4 33.Bxd4  1-0

[Event "9th Amplico Life Rapid"]
[Site "Warsaw POL"]
[Date "2009.12.20"]
[Round "13"]
[White "Ivanchuk,V"]
[Black "Gashimov,V"]
[Result "1-0"]
[WhiteElo "2739"]
[BlackElo "2758"]

1.Nf3 Nf6 2.c4 c5 3.Nc3 Nc6 4.g3 g6 5.d4 cxd4 6.Nxd4 d6 7.Nxc6 bxc6 8.Bg2 Bd7
9.b3 Bg7 10.Bb2 O-O 11.Qd2 Qc8 12.h4 h5 13.Rd1 Rd8 14.Qe3 Re8 15.Na4 Ng4
16.Qd2 Nf6 17.Bf3 Rb8 18.O-O c5 19.Nc3 Bc6 20.Rfe1 Nd7 21.Bxc6 Qxc6 22.Nd5 Bxb2
23.Qxb2 a5 24.Qd2 a4 25.Qg5 Nf6 26.Nxe7+ Rxe7 27.Qxf6 Re6 28.Qc3 axb3 29.axb3 Qb7
30.Rd3 Rbe8 31.Qd2 Qc6 32.e3 Ra8 33.Rd1 Ra6 34.Qc3 Qa8 35.Rd5 Ra2 36.R1d2 Ra1+
37.Kg2 Rb1 38.Qd3 Ra1 39.e4 Re1 40.Re2 Qa1 41.Rxe1 Qxe1 42.Rxd6 Rxd6 43.Qxd6 Qxe4+
44.Kh2 Qf5 45.Qf4 Qe6 46.b4 cxb4 47.Qb8+ Kh7 48.Qxb4 Qe2 49.Qc5 Qc2 50.Qd4 Kg8
51.Kg2 Kh7 52.Qd5 Kg7 53.c5 Kg8 54.c6 Kg7 55.Qe5+ Kh7 56.c7 Qc6+ 57.Kf1 Qc1+
58.Ke2 Qc2+ 59.Kf1 Qc1+ 60.Kg2 Qc6+ 61.Kh2 Qc2 62.Qf4 Kg7 63.g4 hxg4 64.h5 Qc5
65.h6+ Kh7 66.Qxf7+ Kxh6 67.Kg3 Qc3+ 68.Kxg4 Qc5 69.Kf3 Qc3+ 70.Kg2 Qc6+
71.Kg3 Qc3+ 72.Kg2 Qc6+ 73.f3 Qc2+ 74.Kh3 Qc5 75.Qd7 Qh5+ 76.Kg2 Qg5+ 77.Qg4 Qd2+
78.Kh3 Qc1 79.Qh4+ Kg7 80.Qd4+ Kh6 81.Qh8+ Kg5 82.Qh4+  1-0

[Event "FIDE GP"]
[Site "Astrakhan RUS"]
[Date "2010.05.22"]
[Round "11"]
[White "Ivanchuk,V"]
[Black "Eljanov,P"]
[Result "1/2-1/2"]
[WhiteElo "2741"]
[BlackElo "2751"]

1.d4 Nf6 2.c4 e6 3.g3 d5 4.Bg2 Bb4+ 5.Nd2 O-O 6.Nf3 b6 7.O-O Bb7 8.Ne5 h6
9.Qc2 Be7 10.cxd5 exd5 11.b3 c5 12.Bb2 Na6 13.Rac1 Qc8 14.Rfd1 Qe6 15.Nd3 Nb4
16.Qb1 Nxd3 17.exd3 Rfe8 18.Nc4 dxc4 19.Bxb7 Rab8 20.d5 Nxd5 21.Bxd5 Qxd5
22.dxc4 Qc6 23.Qf5 Rbd8 24.h4 Qg6 25.Qxg6  1/2-1/2

[Event "45th Capablanca Mem Elite"]
[Site "Havana CUB"]
[Date "2010.06.17"]
[Round "7"]
[White "Alekseev,Evgeny"]
[Black "Ivanchuk,V"]
[Result "1/2-1/2"]
[WhiteElo "2700"]
[BlackElo "2741"]

1.d4 d5 2.c4 c6 3.Nf3 Nf6 4.cxd5 cxd5 5.Nc3 Nc6 6.Bf4 Bf5 7.e3 e6 8.Bd3 Bxd3
9.Qxd3 Bd6 10.Bxd6 Qxd6 11.O-O O-O 12.Rfc1 Rfc8 13.h3 h6  1/2-1/2

[Event "45th Capablanca Mem Elite"]
[Site "Havana CUB"]
[Date "2010.06.19"]
[Round "9"]
[White "Bruzon Batista,L"]
[Black "Ivanchuk,V"]
[Result "0-1"]
[WhiteElo "2668"]
[BlackElo "2741"]

1.d4 Nf6 2.Nf3 e6 3.g3 d5 4.Bg2 b5 5.O-O c5 6.c3 Nbd7 7.a4 b4 8.cxb4 cxb4
9.Ne5 Ba6 10.Bg5 Nxe5 11.dxe5 h6 12.Be3 Nd7 13.Bd4 Bc5 14.Re1 Bxd4 15.Qxd4 Qb6
16.Qxb6 Nxb6 17.Nd2 Rc8 18.Nf3 Ke7 19.b3 Nd7 20.e4 d4 21.Nxd4 Nxe5 22.Nb5 g5
23.Red1 Rc5 24.Nxa7 Ra8 25.Nb5 Bxb5 26.axb5 Rxa1 27.Rxa1 Rxb5 28.Ra7+ Kf6
29.f4 gxf4 30.gxf4 Ng6 31.e5+ Kg7 32.f5 Nf4 33.fxe6 Nxe6 34.Bf1 Rxe5 35.Bc4 Rg5+
36.Kh1 Kf6 37.Rb7 Nd4 38.Rxf7+ Ke5 39.h4 Rg4 40.Kh2 h5 41.Kh3 Nf5 42.Rb7 Rxh4+
43.Kg2 Ne3+ 44.Kf2 Nc2 45.Bd3 Rf4+ 46.Kg1 Na3 47.Kg2 h4 48.Be2 Nc2 49.Kh3 Kd4
50.Bd1 Kd3 51.Rc7 Ne3 52.Bh5 Kd2 53.Bg6 Nd1 54.Bh5 Nf2+ 55.Kh2 Nd3 56.Bg6 Rf2+
57.Kh1 Ne5 58.Be4 Nf3 59.Rc2+ Ke3 60.Rxf2 Kxf2 61.Bd5 h3 62.Be6 h2 63.Bg4 Kg3  0-1

[Event "45th Capablanca Mem Elite"]
[Site "Havana CUB"]
[Date "2010.06.20"]
[Round "10"]
[White "Ivanchuk,V"]
[Black "Nepomniachtchi,I"]
[Result "1/2-1/2"]
[WhiteElo "2741"]
[BlackElo "2695"]

1.Nf3 Nf6 2.c4 g6 3.Nc3 d5 4.cxd5 Nxd5 5.e4 Nxc3 6.dxc3 Qxd1+ 7.Kxd1 f6 8.Bc4 e5
9.Be3 Nd7 10.Ke2 Bc5 11.Rhd1 Bxe3 12.Kxe3 Ke7 13.Nd2 a5 14.f3 Nb6 15.Be2 Be6
16.Nb3 Nc4+ 17.Bxc4 Bxc4 18.Nc5 b6 19.b3 Be6  1/2-1/2

[Event "38th TCh-GRE DivA"]
[Site "Peristeri GRE"]
[Date "2010.07.09"]
[Round "5"]
[White "Ivanchuk,V"]
[Black "Kritz,L"]
[Result "1-0"]
[WhiteElo "2739"]
[BlackElo "2618"]

1.d4 Nf6 2.Nf3 d5 3.c4 c6 4.Nc3 a6 5.c5 Bf5 6.Bf4 Nbd7 7.h3 e6 8.e3 Be7 9.Nd2 Qc8
10.Nb3 Bd8 11.Bd3 Bxd3 12.Qxd3 Bc7 13.O-O-O Bxf4 14.exf4 Qc7 15.g3 O-O 16.Rhe1 a5
17.Na4 Ne4 18.Qc2 b6 19.cxb6 Nxb6 20.Nbc5 Nxc5 21.Nxc5 Nd7 22.Na4 Nb6 23.Nc5 Nd7
24.Nd3 Qb6 25.Kb1 Rac8 26.Qa4 Qa7 27.Rc1 Nb6 28.Qd1 Nd7 29.Nc5 Rb8 30.Re3 Rb5
31.Rb3 Rfb8 32.Rxb5 Rxb5 33.Na4 Qb7 34.a3 g6 35.Qc2 Nb8 36.Ka2 Qa7 37.Qd2 Qe7
38.Rc2 Qf6 39.h4 h5 40.f3 Qf5 41.Rc1 Qh3 42.Qf2 Rb7 43.Nc5 Rc7 44.Qe1 Ra7
45.Qe5 Nd7 46.Nxd7 Rxd7 47.Qb8+ Kg7 48.Rxc6 Qxg3 49.Qe5+ f6 50.Qxe6 Rf7 51.Rc8  1-0

[Event "38th TCh-GRE DivA"]
[Site "Peristeri GRE"]
[Date "2010.07.10"]
[Round "6"]
[White "Kempinski,R"]
[Black "Ivanchuk,V"]
[Result "1/2-1/2"]
[WhiteElo "2612"]
[BlackElo "2739"]

1.d4 Nf6 2.c4 e6 3.Nf3 d5 4.e3 Be7 5.Bd3 dxc4 6.Bxc4 c5 7.dxc5 Qxd1+ 8.Kxd1 Bxc5
9.Nbd2 Nbd7 10.b3 b6 11.Bb2 Bb7 12.Ke2 O-O 13.Rhd1 Be7 14.Ne1 Rfd8 15.f3 Nd5
16.Nd3 Kf8 17.e4 Nc7 18.b4 Bf6 19.Rac1 Rac8 20.Ke3 Bg5+ 21.f4 Bf6 22.Bxf6 Nxf6
23.Ne5 Nd7 24.Ndf3 Nxe5 25.Nxe5 Rxd1 26.Rxd1 f6 27.Nf3 Bc6 28.Nd4 Bd7 29.Rd2 Ke7
30.Rc2 Kd6 31.Rd2  1/2-1/2

[Event "Trophee CCAS GpB"]
[Site "Cap d'Agde FRA"]
[Date "2010.10.23"]
[Round "1"]
[White "Ivanchuk,V"]
[Black "Pelletier,Y"]
[Result "1-0"]
[WhiteElo "2754"]
[BlackElo "2592"]

1.e4 e6 2.d4 d5 3.Nc3 dxe4 4.Nxe4 Nd7 5.Nf3 Ngf6 6.Bd3 c5 7.O-O Nxe4 8.Bxe4 Nf6
9.Bg5 cxd4 10.Nxd4 Be7 11.Bf3 O-O 12.Qd3 Qb6 13.Rfd1 Rd8 14.Be3 e5 15.Nf5 Rxd3
16.Nxe7+ Kf8 17.Bxb6 Rxd1+ 18.Rxd1 axb6 19.Nxc8 Rxc8 20.c3 Rc7 21.Kf1 Ke7
22.g3 Nd7 23.Rd5 Rc5 24.g4 Ke6 25.Rd2 Rc7 26.Ke2 f6 27.h4 g6 28.Bd5+ Ke7
29.Bg8 Nf8 30.Ke3 Rc8 31.Bd5 Rc7 32.f4 exf4+ 33.Kxf4 Rd7 34.Re2+ Kd8 35.Bc4 Rd6
36.g5 Nd7 37.Bg8 Nf8 38.a3 Kd7 39.Kg4 f5+ 40.Kf4 Rd3 41.Ke5 Ke7 42.h5 Rh3
43.h6 Rd3 44.Bd5 Nd7+ 45.Kf4+ Kd6 46.Bg8 Rh3 47.Re6+ Kc7 48.Bxh7 Rh4+ 49.Kf3 Nf8
50.Re7+  1-0

[Event "Trophee CCAS GpB"]
[Site "Cap d'Agde FRA"]
[Date "2010.10.25"]
[Round "5"]
[White "Le Quang Liem"]
[Black "Ivanchuk,V"]
[Result "1/2-1/2"]
[WhiteElo "2694"]
[BlackElo "2754"]

1.Nf3 Nf6 2.c4 c5 3.Nc3 e6 4.g3 b6 5.Bg2 Bb7 6.O-O Be7 7.Re1 d5 8.cxd5 Nxd5
9.e4 Nb4 10.d4 cxd4 11.Nxd4 N8c6 12.Nxc6 Qxd1 13.Rxd1 Bxc6 14.a3 Nc2 15.Ra2 Rd8
16.Rxd8+ Bxd8 17.b4 Ne1 18.Bf1 Bf6 19.Bb5 Kd7 20.Bd2 Bxb5 21.Nxb5 a6 22.Bxe1 axb5
23.Rd2+ Kc6 24.f4 Ra8 25.e5 Be7 26.Rd3 Rd8 27.Rc3+ Kb7 28.Kf2 f6 29.Re3 f5
30.Ke2 g5 31.Rd3 Rxd3 32.Kxd3 Kc6 33.Kd4 h5 34.h4 gxh4 35.gxh4 Bd8 36.Bf2 Bc7
37.Be1  1/2-1/2

[Event "Trophee CCAS GpB"]
[Site "Cap d'Agde FRA"]
[Date "2010.10.26"]
[Round "6"]
[White "Ivanchuk,V"]
[Black "Kosintseva,T"]
[Result "1-0"]
[WhiteElo "2754"]
[BlackElo "2573"]

1.c4 Nf6 2.Nf3 e6 3.g3 d5 4.Bg2 Be7 5.O-O O-O 6.d4 dxc4 7.Qc2 a6 8.Qxc4 b5
9.Qc2 Bb7 10.Bg5 Nbd7 11.Bxf6 Nxf6 12.Nbd2 Rc8 13.Nb3 Be4 14.Qc3 Nd5 15.Qa5 Bb4
16.Qxa6 c6 17.Ne5 Bxg2 18.Kxg2 Qc7 19.Rfc1 Ne7 20.Nd3 Bd6 21.Qa5 Qd7 22.Qd2 Ra8
23.a3 f5 24.Qc2 f4 25.Nd2 Ra4 26.Nf3 h6 27.b4 Raa8 28.a4 bxa4 29.Rxa4 Rxa4
30.Qxa4 Qb7 31.Nc5 Bxc5 32.Rxc5 fxg3 33.hxg3 Rb8 34.Qa2 Qc8 35.Qc4 Rb6 36.Ne5 Kh7
37.e4 Qf8 38.Nd7  1-0

[Event "Trophee CCAS GpB"]
[Site "Cap d'Agde FRA"]
[Date "2010.10.26"]
[Round "7"]
[White "Gharamian,T"]
[Black "Ivanchuk,V"]
[Result "1/2-1/2"]
[WhiteElo "2658"]
[BlackElo "2754"]

1.e4 e5 2.Nf3 Nf6 3.Nxe5 d6 4.Nc4 Nxe4 5.d4 d5 6.Ne3 Nf6 7.Bd3 c5 8.O-O cxd4
9.Nf5 Bxf5 10.Bxf5 Nc6 11.Nd2 Be7 12.Nf3 Qb6 13.b3 O-O 14.Bb2 Bc5 15.a3 g6
16.Bh3 Rfe8 17.Qd3 a5 18.Rad1 Re4 19.Ng5 Re7 20.Nf3 Re4 21.g3 Rae8 22.Bg2 h5
23.h3 R8e7 24.Rd2 Nd7 25.Rdd1 Qc7 26.Ng5 R4e5 27.Bc1 Bd6 28.f4 Rxg5 29.fxg5 Nc5
30.Qf3 Ne4 31.Bf4 Ne5 32.Qe2 Nc3 33.Qf2 Ne4 34.Qe2 Nc3 35.Qf2 Ne4 36.Qe2 Nc3  1/2-1/2

[Event "29th European Blitz"]
[Site "Warsaw POL"]
[Date "2010.12.17"]
[Round "6"]
[White "Ivanchuk,V"]
[Black "Andriasian,Z"]
[Result "0-1"]
[WhiteElo "2764"]
[BlackElo "2585"]

1.d4 d5 2.c4 c6 3.Nf3 Nf6 4.Nc3 dxc4 5.a4 Bf5 6.Nh4 e6 7.Nxf5 exf5 8.e3 Bb4
9.Bxc4 O-O 10.Qc2 g6 11.O-O Nbd7 12.f3 Rc8 13.Kh1 Nb6 14.Bb3 c5 15.Qd1 cxd4
16.exd4 Nbd5 17.Nxd5 Nxd5 18.Bd2 Be7 19.Re1 Bf6 20.Bh6 Bg7 21.Bxg7 Kxg7 22.Qd2 Nf6
23.a5 Qd6 24.d5 h5 25.Rac1 h4 26.Qd4 h3 27.gxh3 a6 28.Rc3 Rh8 29.Kg2 Rce8
30.Rxe8 Rxe8 31.Re3 Rc8 32.h4 Rc1 33.h5 gxh5 34.Qe5 Qxe5 35.Rxe5 Kg6 36.d6 Rc6
37.Re7 Rxd6 38.Rxb7 Kg5 39.Bc4 Rd2+ 40.Kh3 h4 41.f4+ Kxf4 42.Bxf7 Ng4 43.Rb4+ Kg5  0-1

[Event "29th European Blitz"]
[Site "Warsaw POL"]
[Date "2010.12.17"]
[Round "6"]
[White "Andriasian,Z"]
[Black "Ivanchuk,V"]
[Result "1-0"]
[WhiteElo "2585"]
[BlackElo "2764"]

1.e4 e6 2.d4 d5 3.Nc3 Bb4 4.exd5 exd5 5.Bd3 Nc6 6.Ne2 Bg4 7.f3 Bh5 8.Be3 Nge7
9.a3 Ba5 10.Nf4 Bg6 11.Qd2 Qd7 12.O-O-O O-O-O 13.Kb1 Rhe8 14.g4 Bxd3 15.Qxd3 Bxc3
16.Qxc3 Ng6 17.Nh5 f6 18.Rhe1 Re7 19.Bf2 Rde8 20.Qd3 b6 21.b3 Nd8 22.h3 Nf8
23.Kb2 Nb7 24.Ng3 Nd6 25.Rxe7 Rxe7 26.Be3 Ng6 27.Bd2 Qe8 28.Nh5 a5 29.a4 Kb7
30.Nf4 c6 31.Nh5 Nf8 32.Bf4 Nc8 33.Ng3 g6 34.h4 Ne6 35.Bd2 Nd6 36.h5 Qf7
37.Rh1 f5 38.hxg6 hxg6 39.Rh6 Qf6 40.gxf5 Nxf5 41.Nxf5 Qxf5 42.Qxf5 gxf5
43.Kc3 Nd8 44.Bg5 Nf7 45.Rh7 Rd7 46.Bf4 Ne5 47.Rh5 Nxf3 48.Rxf5 Rh7 49.Rf8 Rh3
50.Rf7+ Ka6 51.Rf6 Kb7 52.Rf7+ Ka6 53.Rf6 Nh2+ 54.Kb2 Ng4 55.Rxc6 Rf3 56.Bd2 Nf6
57.Bg5 Nd7 58.Rd6 Rf5 59.Bd8  1-0

[Event "29th European Blitz"]
[Site "Warsaw POL"]
[Date "2010.12.17"]
[Round "10"]
[White "Vachier Lagrave,M"]
[Black "Ivanchuk,V"]
[Result "*"]
[WhiteElo "2703"]
[BlackElo "2764"]

1.e4 e5 2.Nf3 Nc6 3.Bb5 Nf6 4.O-O Nxe4 5.d4 a6 6.Ba4 b5 7.Bb3 d5 8.dxe5 Be6
9.Nbd2 Nc5 10.c3 d4 11.Bxe6 Nxe6 12.cxd4 Ncxd4 13.a4 Bc5 14.Ne4 Bb6 15.axb5 axb5
16.Rxa8 Qxa8 17.Nxd4 Qxe4 18.Nxe6 fxe6 19.Be3 Bxe3 20.fxe3 Qxe5 21.Qf3 Ke7
22.Kh1 Qf5 23.Qe2 Qd5 24.e4 Qe5 25.Qf2 Ra8 26.h3 h6 27.Qf7+ Kd6 28.Rc1 Rc8
29.b4 g5 30.Qh7 Qf4 31.Rd1+ Kc6 32.Qd7+  *

[Event "29th European Blitz"]
[Site "Warsaw POL"]
[Date "2010.12.17"]
[Round "11"]
[White "Ivanchuk,V"]
[Black "Ponomariov,R"]
[Result "1-0"]
[WhiteElo "2764"]
[BlackElo "2744"]

1.d4 Nf6 2.Nf3 e6 3.c4 d5 4.Nc3 Bb4 5.e3 O-O 6.Bd3 c5 7.O-O dxc4 8.Bxc4 cxd4
9.exd4 b6 10.Bg5 Bb7 11.Rc1 Nbd7 12.Qe2 Re8 13.Rfd1 h6 14.Bh4 Rc8 15.Bb5 Bxc3
16.bxc3 Rc7 17.Ne5 g5 18.Bg3 Rc8 19.h4 a6 20.hxg5 hxg5 21.Bxd7 Nxd7 22.Qh5 Re7
23.Qxg5+ Kh7 24.Qh5+ Kg7 25.Bh4 Nf8 26.Qg5+  1-0

[Event "29th European Blitz"]
[Site "Warsaw POL"]
[Date "2010.12.17"]
[Round "12"]
[White "Ivanchuk,V"]
[Black "Wojtaszek,R"]
[Result "1/2-1/2"]
[WhiteElo "2764"]
[BlackElo "2726"]

1.e4 c5 2.Nf3 d6 3.d4 cxd4 4.Nxd4 Nf6 5.Nc3 a6 6.Bc4 e6 7.Bb3 Nbd7 8.f4 Nc5
9.f5 Bd7 10.O-O Be7 11.Bg5 Nxb3 12.axb3 O-O 13.Qd3 b5 14.b4 h6 15.Bh4 Ng4
16.Bxe7 Qxe7 17.b3 Ne5 18.Qg3 Qg5 19.Qxg5 hxg5 20.fxe6 Bxe6 21.Nd5 Bxd5 22.exd5 Rfc8
23.Ra2 Ng4 24.Rfa1 Ne3 25.Rxa6 Rxa6 26.Rxa6 Nxd5 27.Rc6 Re8 28.c3 Re1+ 29.Kf2 Rb1
30.Nxb5 Rxb3 31.Nd4 Rxc3 32.Rxc3 Nxc3 33.b5 Na4 34.Nf5 Kf8 35.Ke3 d5 36.Kd4 g6
37.Ne3 Ke7 38.Kxd5 f5 39.Ke5 g4 40.Nd5+ Kd7 41.Nf4 g5 42.Nd3 f4 43.Kf5 f3
44.gxf3 gxf3 45.Kxg5 Nc3 46.b6 Ne4+ 47.Kf5 f2  1/2-1/2

[Event "European Rapid Championship"]
[Site "Warsaw POL"]
[Date "2010.12.18"]
[Round "5"]
[White "Romanov,E"]
[Black "Ivanchuk,V"]
[Result "1/2-1/2"]
[WhiteElo "2605"]
[BlackElo "2764"]

1.c4 Nf6 2.Nf3 c5 3.d4 cxd4 4.Nxd4 Nc6 5.Nc3 e6 6.Bf4 d5 7.cxd5 Nxd5 8.Nxc6 bxc6
9.Bd2 Rb8 10.e4 Nxc3 11.Bxc3 Qxd1+ 12.Rxd1 Bb4 13.Kd2 Ke7 14.Bc4 Rd8+ 15.Kc2 Rxd1
16.Rxd1 Bxc3 17.Kxc3 c5 18.e5 Bb7 19.g3 Bc6 20.f4 h5 21.h4 Rb6 22.Rd6 Bd7
23.Rxb6 axb6 24.b4 cxb4+ 25.Kxb4 Bc6 26.Bb5 Kd7 27.Be2 g6  1/2-1/2

[Event "European Rapid Championship"]
[Site "Warsaw POL"]
[Date "2010.12.18"]
[Round "7"]
[White "Ivanchuk,V"]
[Black "Andriasian,Z"]
[Result "1/2-1/2"]
[WhiteElo "2764"]
[BlackElo "2585"]

1.c4 e5 2.g3 Nc6 3.Bg2 g6 4.Nc3 Bg7 5.Rb1 a5 6.a3 Nf6 7.b4 axb4 8.axb4 O-O
9.d3 d6 10.Nf3 h6 11.Nd2 Nh5 12.b5 Ne7 13.Qb3 Kh7 14.O-O f5 15.Ba3 f4 16.c5 Nf5
17.b6 Nd4 18.Qb2 dxc5 19.Bxc5 Rf7 20.bxc7 Qxc7 21.Bxd4 exd4 22.Nd5 Qd8 23.Nb6 Rb8
24.Nxc8 Rxc8 25.Bf3 Nf6 26.Nc4 Re7 27.Qb6 Nd5 28.Qxd8 Rxd8 29.Rfe1 fxg3 30.hxg3 h5
31.Rb5 Nc3 32.Rxb7 Rxb7 33.Bxb7 Rd7 34.Bf3 Ra7 35.Kg2 Ra2 36.g4 hxg4 37.Bxg4 Bf6
38.Kf3 Kg7 39.Be6 Ra6 40.Bh3 Bh4 41.Rf1 Rf6+ 42.Kg4 Bxf2 43.Nd6 Rxd6 44.Rxf2 Re6
45.Bf1 Nd1 46.Rf3 Ne3+ 47.Kh4 Re5 48.Bh3 Nd5 49.Rf2 g5+ 50.Kg3 Re3+ 51.Rf3 Rxe2
52.Rf5 Re3+ 53.Kg4 Nf6+ 54.Kxg5 Rg3+ 55.Kh4 Rxd3 56.Bf1 Rd2 57.Kg5 Ne4+ 58.Kf4 Nd6
59.Rg5+ Kf6 60.Rg2 Rd1 61.Be2 Rh1 62.Bd3 Rh4+ 63.Rg4 Rxg4+ 64.Kxg4 Ke5  1/2-1/2

[Event "European Rapid Championship Playoff"]
[Site "Warsaw POL"]
[Date "2010.12.19"]
[Round "2"]
[White "Gashimov,V"]
[Black "Ivanchuk,V"]
[Result "1-0"]
[WhiteElo "2733"]
[BlackElo "2764"]

1.e4 c6 2.d4 d5 3.e5 Bf5 4.Nf3 e6 5.Be2 Ne7 6.O-O c5 7.Na3 Nec6 8.Bg5 Be7
9.Bxe7 Qxe7 10.c4 O-O 11.cxd5 exd5 12.dxc5 Qxc5 13.Nb5 Nd7 14.Rc1 Qb4 15.Nfd4 Bg6
16.f4 Be4 17.b3 a6 18.Nxc6 bxc6 19.Nd6 Nc5 20.Kh1 a5 21.f5 a4 22.f6 axb3
23.fxg7 Kxg7 24.axb3 Ra2 25.Bf3 Bg6 26.Bg4 Nd3 27.Qf3 Qd2 28.e6 f5 29.e7 Rf6
30.e8=N+ Bxe8 31.Nxe8+ Kg6 32.Bh5+ Kg5 33.Qg3+ Kxh5 34.Nxf6+ Kh6 35.Ng8+ Kh5  1-0

[Event "European Rapid Championship"]
[Site "Warsaw POL"]
[Date "2010.12.19"]
[Round "10"]
[White "Vovk,Y"]
[Black "Ivanchuk,V"]
[Result "1/2-1/2"]
[WhiteElo "2539"]
[BlackElo "2764"]

1.d4 Nf6 2.c4 c6 3.Nf3 d5 4.Qc2 e6 5.Bg5 h6 6.Bh4 dxc4 7.Qxc4 b5 8.Qc2 Bb7
9.e3 Nbd7 10.Nbd2 Rc8 11.a4 c5 12.Bxf6 gxf6 13.d5 exd5 14.Bxb5 a6 15.Be2 Ne5
16.O-O Qd7 17.e4 Rg8 18.Ra3 c4 19.Nxe5 fxe5 20.Rg3 Rxg3 21.fxg3 dxe4 22.Nxc4 Qe6
23.b3 Bc5+ 24.Kh1 Ke7 25.Qc3 e3 26.Nxe3 Bxe3 27.Qxe3 Rc2 28.Bf3 Bxf3 29.Qxf3 Rb2
30.Qb7+ Kf8 31.b4 Kg7 32.Qe4 Rd2 33.Re1 Qf6 34.h3 Rd4 35.Qxe5 Rxb4 36.Qe8 Rb2
37.Kh2 Ra2 38.Re4 h5 39.Rf4 Qg6 40.Qe5+ f6 41.Qd6 a5 42.Qc7+ Qf7 43.Qc6 Rd2
44.Qf3 Ra2 45.Rd4 Qe8 46.Qf5 Qc6 47.Qe4  1/2-1/2

[Event "European Rapid Championship"]
[Site "Warsaw POL"]
[Date "2010.12.19"]
[Round "12"]
[White "Neiksans,A"]
[Black "Ivanchuk,V"]
[Result "0-1"]
[WhiteElo "2503"]
[BlackElo "2764"]

1.e4 e5 2.Nf3 Nc6 3.Bc4 Bc5 4.d3 d6 5.Nc3 Nf6 6.h3 h6 7.a3 Bb6 8.Na4 Ne7
9.Nxb6 axb6 10.O-O O-O 11.Nh4 g5 12.Qf3 Kg7 13.Nf5+ Bxf5 14.exf5 Qd7 15.g4 Qc6
16.Qg3 Ned5 17.Bxd5 Nxd5 18.Qf3 f6 19.Be3 Ne7 20.Qxc6 bxc6 21.d4 exd4 22.Bxd4 c5
23.Bc3 b5 24.f4 Nc6 25.Rae1 b4 26.axb4 cxb4 27.Bd2 Ra2 28.Bc1 Nd4 29.Rf2 Kf7
30.Rd1 c5 31.Kg2 Re8 32.c3 bxc3 33.bxc3 Ne2 34.fxg5 hxg5 35.Rd2 Nf4+ 36.Kh2 Ra1
37.Rd1 Rh8 38.Rf3 c4 39.Rh1 Ra2+ 40.Kg1 Ne2+  0-1

[Event "European Rapid Championship"]
[Site "Warsaw POL"]
[Date "2010.12.19"]
[Round "13"]
[White "Gashimov,V"]
[Black "Ivanchuk,V"]
[Result "1/2-1/2"]
[WhiteElo "2733"]
[BlackElo "2764"]

1.e4 c6 2.d4 d5 3.exd5 cxd5 4.c4 Nf6 5.Nc3 e6 6.a3 Be7 7.Nf3 O-O 8.Bd3 dxc4
9.Bxc4 a6 10.O-O b5 11.Ba2 Bb7 12.Re1 Nc6 13.d5 exd5 14.Nxd5 Nxd5 15.Bxd5 Bf6
16.Rb1 Na5 17.Bxb7 Nxb7 18.Be3 Qxd1 19.Rexd1 Rfc8 20.g4 Na5 21.g5 Be7 22.Rd7 Re8
23.Bd4 Nb3 24.Be3 Bc5 25.Bxc5 Nxc5 26.Rc7 Ne6 27.Rc6 Red8 28.Rbc1 g6 29.h4 Nd4
30.Nxd4 Rxd4 31.Kg2 Rxh4 32.Kg3 Rd4 33.Rc8+ Rxc8 34.Rxc8+ Kg7 35.Ra8 Rd6
36.Ra7 Kf8 37.f3 Rd5 38.Kg4 Rd4+ 39.Kg3 Ra4 40.Rb7 Kg7 41.Ra7 a5 42.f4 Rd4
43.Rxa5 Rd3+ 44.Kg4 Rb3 45.a4 b4 46.f5 gxf5+ 47.Rxf5 Rxb2 48.Rb5 b3 49.a5 Rb1
50.a6 b2 51.a7 Rg1+ 52.Kf4 Ra1 53.Rxb2 Ra4+ 54.Kf5 Ra5+ 55.Kf4 Rxa7 56.Rb6  1/2-1/2

[Event "FIDE World Cup 2011"]
[Site "Khanty-Mansiysk RUS"]
[Date "2011.09.03"]
[Round "3.1"]
[White "Ivanchuk,V"]
[Black "Sutovsky,E"]
[Result "0-1"]
[WhiteElo "2768"]
[BlackElo "2700"]

1.e4 c5 2.Nf3 d6 3.d4 cxd4 4.Nxd4 Nf6 5.f3 e5 6.Nb3 Be7 7.c4 a5 8.Be3 a4
9.Nc1 Qa5+ 10.Qd2 Bd8 11.Ne2 Be6 12.Na3 Qxd2+ 13.Kxd2 Ba5+ 14.Nc3 Nc6 15.Nb5 Ke7
16.Be2 Rhc8 17.Rhc1 Bb4 18.Rab1 Nd7 19.Ke1 Bc5 20.Bf2 Na5 21.Nd5+ Bxd5 22.cxd5 g6
23.Bh4+ f6 24.Kd2 g5 25.Bg3 f5 26.exf5 Nf6 27.Nc3 Bb4 28.Kd3 Rc4 29.Bf2 Rac8
30.Be3 a3 31.Nb5 axb2 32.Rxc4 Nxc4 33.Bxg5 e4+ 34.Kd4 Na3 35.Nxa3 Bc5+ 36.Kc3 Bxa3+
37.Bc4 b5 38.Kb3 bxc4+ 39.Kxa3 c3 40.fxe4 Rb8  0-1

[Event "FIDE World Cup 2011"]
[Site "Khanty-Mansiysk RUS"]
[Date "2011.09.05"]
[Round "3.4"]
[White "Ivanchuk,V"]
[Black "Sutovsky,E"]
[Result "1-0"]
[WhiteElo "2768"]
[BlackElo "2700"]

1.Nf3 Nf6 2.c4 g6 3.Nc3 d5 4.cxd5 Nxd5 5.g3 Nxc3 6.bxc3 Bg7 7.Bg2 O-O 8.O-O c5
9.d4 Nc6 10.Be3 cxd4 11.Nxd4 Na5 12.Qd3 Bd7 13.Nb3 Nc6 14.Nc5 Ne5 15.Nxb7 Qc7
16.Bf4 Be6 17.Qe3 Rac8 18.Rab1 Qxc3 19.a4 Bg4 20.Rfe1 Nc4 21.Qxa7 Bd4 22.Qa6 Ra8
23.Qc6 Rfc8 24.Qe4 Bf5 25.Qxe7 Bxb1 26.Rxb1 Re8 27.Qb4 Rxe2 28.Qxc3 Bxc3
29.Nd6 Na3 30.Rc1 Bb2 31.Rc7 Re1+ 32.Bf1 Rf8 33.a5 Rd1 34.a6 g5 35.a7 Bd4
36.Bxg5 Bb6 37.Nc8  1-0

[Event "FIDE World Cup 2011"]
[Site "Khanty-Mansiysk RUS"]
[Date "2011.09.06"]
[Round "4.1"]
[White "Bu Xiangzhi"]
[Black "Ivanchuk,V"]
[Result "1/2-1/2"]
[WhiteElo "2675"]
[BlackElo "2768"]

1.c4 e6 2.Nf3 Nf6 3.g3 d5 4.Bg2 dxc4 5.Qa4+ Nbd7 6.Qxc4 a6 7.Qb3 Rb8 8.O-O b5
9.a4 Bb7 10.axb5 axb5 11.d3 Bd6 12.Be3 c5 13.Nc3 O-O 14.Nd2 Bxg2 15.Kxg2 Ng4
16.Nde4 Nxe3+ 17.fxe3 Be7 18.Nxb5 Bg5 19.d4 cxd4 20.exd4 Qb6 21.Nxg5 Qxb5
22.Qxb5 Rxb5 23.Ne4 Rxb2 24.Kf3 Rfb8 25.Rfc1 Nf6 26.Nxf6+ gxf6 27.Ra7 R2b7
28.Rxb7  1/2-1/2

[Event "FIDE World Cup 2011"]
[Site "Khanty-Mansiysk RUS"]
[Date "2011.09.10"]
[Round "5.2"]
[White "Radjabov,T"]
[Black "Ivanchuk,V"]
[Result "1-0"]
[WhiteElo "2744"]
[BlackElo "2768"]

1.Nf3 c5 2.g3 g6 3.c4 Bg7 4.Bg2 Nc6 5.Nc3 e6 6.d3 Nge7 7.h4 h6 8.Bd2 b6 9.h5 g5
10.Nxg5 hxg5 11.Bxg5 Bxc3+ 12.bxc3 Bb7 13.Qd2 Qc7 14.Bf6 O-O-O 15.O-O-O Rhg8
16.Bxc6 dxc6 17.h6 Rg6 18.h7 Rxf6 19.h8=Q Rxh8 20.Rxh8+ Kd7 21.d4 Qd6 22.Qg5 Rf5
23.Qh4 cxd4 24.Rxd4 Rd5 25.cxd5 Qa3+ 26.Kb1 cxd5 27.Rh7 Qxc3 28.Rxf7  1-0

[Event "FIDE World Cup 2011"]
[Site "Khanty-Mansiysk RUS"]
[Date "2011.09.14"]
[Round "6.3"]
[White "Grischuk,A"]
[Black "Ivanchuk,V"]
[Result "1-0"]
[WhiteElo "2746"]
[BlackElo "2768"]

1.e4 e6 2.d4 d5 3.e5 c5 4.c3 Nc6 5.Nf3 Bd7 6.Be2 Nge7 7.O-O Nf5 8.dxc5 Bxc5
9.Bd3 Nfe7 10.Nbd2 Ng6 11.Nb3 Bb6 12.Re1 Qb8 13.Qe2 Bc7 14.Bxg6 hxg6 15.h4 Rh5
16.Bg5 Nxe5 17.Nxe5 Bxe5 18.Qxe5 Qxe5 19.Rxe5 f6 20.Re3 fxg5 21.hxg5 Rxg5
22.Nc5 O-O-O 23.Nxe6 Bxe6 24.Rxe6 d4 25.cxd4 Rxd4 26.Rae1 Rd7 27.g3 a6 28.R1e2 Rf7
29.Rc2+ Kd7 30.Rb6 Kd8 31.Kg2 Ra5 32.a3 g5 33.Rd6+ Ke7 34.Rc7+ Kxd6 35.Rxf7 Rb5
36.b4 a5 37.bxa5 Ke6 38.Rxg7 Rxa5 39.Kh3 Kf6 40.Rxb7 Rxa3 41.Kg4 Ra4+ 42.Kh5 g4
43.Rb6+ Kf5 44.Rb8  1-0

[Event "FIDE World Cup 2011"]
[Site "Khanty-Mansiysk RUS"]
[Date "2011.09.14"]
[Round "6.4"]
[White "Ivanchuk,V"]
[Black "Grischuk,A"]
[Result "1-0"]
[WhiteElo "2768"]
[BlackElo "2746"]

1.c4 c5 2.Nf3 Nc6 3.d4 cxd4 4.Nxd4 e6 5.g3 Qb6 6.Nc2 Ne5 7.b3 Qc6 8.f3 Nf6
9.Bb2 Qc7 10.Nc3 a6 11.f4 Ng6 12.e4 d6 13.Qf3 b6 14.O-O-O Bb7 15.Kb1 Be7
16.g4 e5 17.g5 Nd7 18.f5 Nf4 19.Rg1 g6 20.Ne3 Nc5 21.h4 Bc6 22.Rg4 Qb7 23.Rxf4 exf4
24.Ned5 O-O-O 25.b4 Na4 26.Nxa4 Bxa4 27.Rc1 Kb8 28.b5 gxf5 29.Qa3 fxe4 30.bxa6 Qxa6
31.Nxe7 Qa7 32.Bxh8 Rxh8 33.Qxd6+ Qc7 34.Qf6 Rd8 35.Nd5 Qd6 36.Qxf4 Qxf4
37.Nxf4 Rd2 38.Be2 Rd4 39.Nd5 Kb7 40.Rf1 Rd2 41.Rxf7+ Ka6 42.a3  1-0